Facultad de Derecho – Universidad Nacional de Mar del Plata

Provocaciones en torno del Derecho (Record no. 3211)

MARC details
000 -CABECERA
campo de control de longitud fija 00533nam a22002175a 4500
001 - NUMERO DE CONTROL
campo de control 002858
003 - IDENTIFICADOR DE NUMERO DE CONTROL
campo de control armpunfd
005 - FECHA ULTIMA MODIFICACION
campo de control 20150625192829.0
008 - ELEMENTOS DE LONGITUD FIJA -- INFORMACION GENERAL
campo de control de longitud fija 140806s2002####ag############000#0#und#d
020 ## - NUMERO INTERNACIONAL NORMALIZADO PARA LIBROS (ISBN)
International Standard Book Number 9502312260
080 ## - NUMERO DE CLASIFICACION DECIMAL UNIVERSAL (CDU)
Número de la Clasificación Decimal Universal 340.12 G 941
100 1# - ASIENTO PRINCIPAL--NOMBRE PERSONAL
Nombre personal Ghibourg, Ricardo.
245 10 - MENCION DE TITULO
Título propiamente dicho Provocaciones en torno del Derecho
260 ## - PUBLICACION, DISTRIBUCION, ETC. (PIE DE IMPRENTA)
Lugar de publicación, distribución, etc. Buenos Aires :
Nombre del editor, distribuidor, etc. Eudeba
Fecha de publicación, distribución, etc. 2002.
300 ## - DESCRIPCION FISICA
Extensión 160 P ;
Dimensiones 23 X 16 Cm.
490 ## - MENCION DE SERIE
Mención de serie Derecho
650 #7 - ASIENTO SECUNDARIO DE MATERIA - TERMINO TEMATICO
Término temático o nombre geográfico como elemento de entrada Derecho
Fuente del encabezamiento o término LEMB
651 ## - ASIENTO SECUNDARIO DE MATERIA - NOMBRE GEOGRAFICO
Fuente del encabezamiento o término LEMB
945 ## - INFORMACION DE PROCESAMIENTO LOCAL
Responsable de carga/modificación Celeste Delía
Fecha de ingreso o modificación 2014-08-06
Holdings
Retirado Perdido Dañado No se presta Ubicación permanente Locación actual Estante o sala Fecha de adquisición Signatura topográfica Inventario Ultima fecha vista Tipo de item de Koha
        Bib. Derecho Bib. Derecho Biblioteca Graduados 09/12/2014 340.12 G 941 300448 09/12/2014 LIBRO (Consulta)
        Bib. Derecho Bib. Derecho Biblioteca Graduados 24/08/2017 340.12 G 941 301588 24/08/2017 LIBRO

XHTML | CSS | ©Biblioteca Central - Dto. Tecnología de la Información - [ Con tecnología Koha ]